000 00455nam a2200181Ia 4500
001 12686
005 20260306162959.0
008 260306t2019||||xx |||||||||||||| ||spa||
041 _aESP
082 _aHR 658
_bNº 44 PI.2
110 _aAsociación de Empresas del Parque Industrial de Arequipa
245 0 _aParque industrial
260 _c2019
300 _a29 páginas :
_c28 cm.
650 _aGEN
654 _aCII
942 _cREV
_dJUS
_fJUS
_2ddc
_n
999 _c12686
_d12686